000 00584nam a22002057a 4500
005 20230623095116.0
008 160118b xxu||||| |||| 00| 0 eng d
020 _c90
_a0192151770
040 _aLoreto College
041 _aEnglish
082 _a301.152
_bLAN
100 _aLannoy, Richard
_qRichard Lannoy
245 _aThe speaking treee
_b:a study of Indian culture and society
_cRichard Lannoy
260 _aLondon
_bOxford university press
_c1971
300 _axxvi,466p.
504 _aInclude index
650 _aSociology & anthropology
850 _aLCLIB
942 _cBK
999 _c40310
_d90789